Visualizzazione normale
Vista MARC
- Uribe Fernando
di Personal Name
Records bibliografici associati: 1
001 - CONTROL NUMBER
- control field: 41967
003 - CONTROL NUMBER IDENTIFIER
- control field: IT-RoPau
005 - DATE AND TIME OF LATEST TRANSACTION
- control field: 20151126210540.0
008 - FIXED-LENGTH DATA ELEMENTS
- fixed length control field: 151126|| aca||aabn | a|a d
040 ## - CATALOGING SOURCE
- Original cataloging agency: IT-RoPau
- Transcribing agency: IT-RoPau
100 ## - HEADING--PERSONAL NAME
- Personal name: Uribe Fernando
- Relator term: (regista)
- Miscellaneous information: Codice regista SPICS: 59295
670 ## - SOURCE DATA FOUND
- Source citation: Work cat.: (IT-RoPau)105534: Uribe Fernando Codice regista SPICS: 59295 41962, AVVENTURIERI DELLO SPIRITO (GLI) AVVENTURIERI DELLO SPIRITO (GLI) (Rif. Codice opera principale : H8268)